| 000 | 00882nam a2200265Ia 4500 | ||
|---|---|---|---|
| 003 | OSt | ||
| 005 | 20221005112858.0 | ||
| 006 | a|||||r|||| 00| 0 | ||
| 007 | ta | ||
| 008 | 221004b |||||||| |||| 00| 0 pan d | ||
| 020 |
_a8181380495 (hbk) _c240 |
||
| 024 | _a117384 | ||
| 037 |
_b554, 14/12/2011, H.K. Prakashan _cTextual |
||
| 040 |
_aCRL _cCRL _bpan |
||
| 041 |
_2pan _apan |
||
| 082 | _aQ8441:g, 153P9 | ||
| 100 | _aਗਿੱਲ, ਮਹਿੰਦਰ ਕੌਰ | ||
| 245 | 0 | _aਰਚਨਾ ਰਚੈਤਾ ਰੂਬਰੂ | |
| 260 |
_aਦਿੱਲੀ _bਐਮ. ਪੀ. ਪ੍ਰਕਾਨ ਭਾਰਤ _c2009 |
||
| 300 |
_a144ਪੰ _ccm. |
||
| 650 | _a ਧOਰੁ Fਸੱਢ | ||
| 650 | _aਧਰਮ | ||
| 942 |
_hQ8441:g, 153P9 _cTEXL _2cc |
||
| 999 |
_c1026290 _d1026290 |
||